|
|
|
|
| LEADER |
00000cam a2200000 7i4500 |
| 001 |
0000009249 |
| 002 |
000010075 |
| 005 |
20000330.0 |
| 020 |
|
|
|a 9835000352
|
| 090 |
0 |
0 |
|a JF
|b SIR
|
| 100 |
1 |
|
|a Korman, Justine
|
| 245 |
1 |
0 |
|a 101 anjing dalmatia
|c adaptasi oleh Justine Koramn ; illustrasi oleh Bill Langley dan Ron Dias
|
| 260 |
|
|
|a Johor Bahru :
|b Penerbitan Pelangi ,
|c 1994
|
| 300 |
|
|
|a p.v. :
|b ill. ;
|c 17cm.
|
| 490 |
0 |
|
|a Siri Tunas
|
| 650 |
0 |
0 |
|a Children's stories, Malay
|
| 700 |
1 |
|
|a Langley, Bill ,
|e illustrated
|
| 999 |
|
|
|a 040154
|b BUKU
|c PINJAMAN
|e PERPUSTAKAAN KOMUNITI PETALING JAYA
|
| 999 |
|
|
|a 040156
|b BUKU
|c PINJAMAN
|e PERPUSTAKAAN KOMUNITI PETALING JAYA
|